书目信息 |
| 题名: |
传热学中的数值方法
|
|
| 作者: | 张承虎 , 黄欣鹏 , 孙德兴 编著 | |
| 分册: | ||
| 出版信息: | 北京 中国建筑工业出版社 2021.03 |
|
| 页数: | 188页 | |
| 开本: | 26cm | |
| 丛书名: | 高等学校供热供燃气通风及空调工程专业研究生系列教材 | |
| 单 册: | ||
| 中图分类: | TK124 | |
| 科图分类: | ||
| 主题词: | 传热学--chuan re xue--数值方法--高等学校--教材 | |
| 电子资源: | ||
| ISBN: | 978-7-112-25514-6 | |
| 000 | 01245nam 2200289 450 | |
| 001 | 202021193249 | |
| 005 | 20211025120136.0 | |
| 010 | @a978-7-112-25514-6@dCNY40.00 | |
| 100 | @a20210927d2021 em y0chiy50 ea | |
| 101 | 0 | @achi |
| 102 | @aCN@b110000 | |
| 105 | @aak a 000yy | |
| 106 | @ar | |
| 200 | 1 | @a传热学中的数值方法@Achuan re xue zhong de shu zhi fang fa@f张承虎, 黄欣鹏, 孙德兴编著 |
| 210 | @a北京@c中国建筑工业出版社@d2021.03 | |
| 215 | @a188页@c图@d26cm | |
| 225 | 2 | @a高等学校供热供燃气通风及空调工程专业研究生系列教材@Agao deng xue xiao gong re gong ran qi tong feng ji kong tiao gong cheng zhuan ye yan jiu sheng xi lie jiao cai |
| 320 | @a有书目 (第188页) | |
| 330 | @a本书共7个章节, 分别是: 数值逼近及其应用、常微分方程数值解法及其应用、线性方程组数值解法及其应用、非线性方程组数值解法及其应用、状态空间法及其应用、有限差分方法及其应用、有限单元法及其应用。 | |
| 410 | 0 | @12001 @a高等学校供热供燃气通风及空调工程专业研究生系列教材 |
| 606 | 0 | @a传热学@Achuan re xue@x数值方法@x高等学校@j教材 |
| 690 | @aTK124@v5 | |
| 701 | 0 | @a张承虎@Azhang cheng hu@4编著 |
| 701 | 0 | @a黄欣鹏@Ahuang xin peng@4编著 |
| 701 | 0 | @a孙德兴@Asun de xing@4编著 |
| 801 | 0 | @aCN@c20210909 |
| 905 | @a河南城建学院图书馆@dTK124@eZ082 | |
| 传热学中的数值方法/张承虎, 黄欣鹏, 孙德兴编著.-北京:中国建筑工业出版社,2021.03 |
| 188页:图;26cm.-(高等学校供热供燃气通风及空调工程专业研究生系列教材) |
| ISBN 978-7-112-25514-6:CNY40.00 |
| 本书共7个章节, 分别是: 数值逼近及其应用、常微分方程数值解法及其应用、线性方程组数值解法及其应用、非线性方程组数值解法及其应用、状态空间法及其应用、有限差分方法及其应用、有限单元法及其应用。 |
| ● |
| 相关链接 |
|
|
|
正题名:传热学中的数值方法
索取号:TK124/Z082
 
预约/预借
| 序号 | 登录号 | 条形码 | 馆藏地/架位号 | 状态 | 备注 |
| 1 | 1542218 | 215422184 | 自科库501/501自科库 136排2列4层/ [索取号:TK124/Z082] | 在馆 |